[Event "Morbihan-ch 0910"]
[Site "Morbihan"]
[Date "2010.03.27"]
[Round "6.12"]
[White "Le Garrec, Maxime"]
[Black "Aubrun, Lucas"]
[Result "1/2-1/2"]
[WhiteElo "1687"]
[BlackElo "1740"]
[PlyCount "52"]
[EventDate "2009.10.10"]
[EventType "swiss"]
[EventRounds "7"]
[EventCountry "FRA"]
[SourceTitle "EXT 2014"]
[Source "ChessBase"]
[SourceDate "2013.11.20"]
[SourceVersion "1"]
[SourceVersionDate "2013.11.20"]
[SourceQuality "1"]

1. e4 e5 2. Nf3 d6 3. d4 exd4 4. Nxd4 Nf6 5. Nc3 Be7 6. Bc4 0-0 7. 0-0 Nc6 8. Nxc6 bxc6 9. Re1 Bb7 10. Bf4 d5 11. exd5 cxd5 12. Bb3 c5 13. Qf3 Qd7 14. Ba4 Qd8 15. Rad1 a6 16. Bb3 Ra7 17. Bxd5 Nxd5 18. Nxd5 Bxd5 19. Rxd5 Qa5 20. Bd2 Qxa2 21. Bc3 f6 22. Qe4 Rf7 23. Qe6 Qa4 24. Qc8+ Rf8 25. Qe6+ Rf7 26. Qc8+ Rf8 1/2-1/2